NBA dead or alive - Statistics

General Stats
  • This quiz has been taken 664 times
  • The average score is 19 of 30
Answer Stats
Question Answer % Correct
Kobe Bryant Dead
99%
Wilt Chamberlain Dead
95%
Kareem Abdul-Jabbar Alive
93%
John Stockton Alive
93%
Charles Barkley Alive
93%
Isiah Thomas Alive
88%
George Mikan Dead
84%
Dominique Wilkins Alive
83%
Clyde Drexler Alive
80%
Dolph Schayes Dead
71%
Elgin Baylor Dead
69%
Bill Sharman Dead
66%
Pete Maravich Dead
64%
John Havlicek Dead
63%
Paul Arizin Dead
61%
Wes Unseld Dead
57%
Nate Thurmond Dead
54%
Hal Greer Dead
53%
Rick Barry Alive
52%
Moses Malone Dead
52%
Oscar Robertson Alive
51%
George Gervin Alive
49%
Jerry West Alive
48%
Walt Frazier Alive
47%
Dennis Johnson Dead
47%
Elvin Hayes Alive
43%
Dave Cowens Alive
43%
Bob Cousy Alive
28%
Bill Russell Alive
25%
Bob Pettit Alive
25%
No matching quizzes found
Score Distribution
Percent of People with Each Score
Percentile by Number Answered
Your Score History
You have not taken this quiz